| 000 | 00418pab a2200157 454500 | ||
|---|---|---|---|
| 008 | 180718b xxu||||| |||| 00| 0 eng d | ||
| 100 | _aOldenburg, Philip | ||
| 245 | _aSex ratio, son preference and violence in India: a research note | ||
| 650 | _a Violence | ||
| 650 | _a Son | ||
| 650 | _a Populaiton | ||
| 650 | _a Daughter | ||
| 650 | _aFamily - India | ||
| 773 | _aEconomic and Political Weekly | ||
| 909 | _a23675 | ||
| 999 |
_c23675 _d23675 |
||